00714cam a2200217 a 450000100100000000500170001000800410002703500190006804000220008708200230010910000490013224500530018125000110023426000350024530000280028049000530030850000320036165000240039365000260041783000530044300001964520200929170104.0751014s1967 sp 001 e spa d a(OCoLC)1702894 aDO-SdBNPcFMdDLC a864.6bF363g, 19671 aFernández Flórez, Wenceslao,d1885-1964.14aLas gafas del diablo /cW. Fernández Flórez. a8a ed. aMadrid :bEspasa-Calpe,c1967. a146 p. ; [16] ;c18 cm.1 aAustral. Azul: novelas y cuentos en generalv145 aIncluye índice de autores 4aEnsayos españoles 4aLiteratura española 0aAustralpAzul: novelas y cuentos en generalv145